Sports Quiz

Random Sports or Football Quiz

10 biggest football stadium in england Quiz Stats

 Plays Quiz not verified by Sporcle

Challenge
Share
Tweet
Embed
Score 0/10 Timer 05:00
0 Plays Today
stadia % Correct
Old Trafford (76,212)
99%
Wembley Stadium (90,000)
96.2%
Emirates Stadium (60,355)
93.9%
Anfield (45,522)
93.1%
St. James Park (52,387)
88.4%
Stamford Bridge (42,055)
88.2%
Stadium Of Light (49,000)
77.6%
Villa Park (42,573)
75.2%
City of Manchester Stadium (47,764)
68.2%
Elland road (40,242)
53.8%

You're not logged in!

Compare scores with friends on all Sporcle quizzes.
Join for Free
OR
Log In

You Might Also Like...

Show Comments

Extras

Top Quizzes Today


Score Distribution

Your Account Isn't Verified!

In order to create a playlist on Sporcle, you need to verify the email address you used during registration. Go to your Sporcle Settings to finish the process.

Report this User

Report this user for behavior that violates our Community Guidelines.

Details: